Co to za logo na literę T? - Statystyki

Ogólne statystyki
  • Ten quiz został rozwiązany 3 230 razy
    2 471 od ostatniego zresetowania
  • Średni wynik to 10 z 20
Statystyki odpowiedzi
Obrazkowy Odpowiedź % Poprawnych
TikTok
99%
Tesla
96%
Twix
96%
Tesco
95%
Toyota
95%
T-Mobile
94%
Taco Bell
71%
Tommy Hilfiger
68%
Target
43%
Toblerone
42%
Tabasco
36%
Timberland
34%
Teamspeak
29%
Tiffany & Co.
29%
Turkish Airlines
27%
Toys "R" Us
24%
Tide
14%
Tissot
13%
Texaco
12%
Techland
5%
Nie znaleziono quizów pasujących do podanych kryteriów
Rozkład punktacji
Procent ludzi z każdym wynikiem
Percentyl według liczby udzielonych odpowiedzi
Twoja historia wyników
Nie rozwiązałeś tego quizu od ostatniego zresetowania